000 00286nam a22001337a 4500
008 170727b xxu||||| |||| 00| 0 eng d
020 _a0619056622
041 _aeng
080 _a004
100 _a31
101 _aSHK
245 _aADOBE PHOTOSHOP 6.0
_cREDING,E,E
942 _2udc
_cBK
999 _c21995
_d21995